Statistiques concernant 11 "légendes" d'un club

Cliquez ici pour prendre le quiz!

Statistiques générales

  • Ce quiz a été pris 241 fois
  • Le résultat moyen est 5 sur 11

Statistiques - réponses

ClubdateName% Correct
As Roma19932017Francesco Totti
97%
Ac Milan19852009Paolo Maldini
84%
FC Barcelone2008Sergio Busquets
62%
FC Barcelone19992014Carles Puyol
59%
Manchester United19912014Ryan Giggs
59%
Manchester United19942013Paul Scholes
44%
AC Milan19781996Franco Baresi
32%
Dynamo Moscou19501970Lev Yachine
27%
Manchester United19922011Gary Neville
21%
Liverpool Fc19962013Jamie Carragher
19%
Inter Milan19611977Sandro Mazzola
1%

Distribution des résultats

Percentile par nombre de réponses

% des personnes avec chaque résultat

Votre développement - résultats

Vous n’avez pas pris ce quiz